លំនាំនៃការវិភាគដីជាធម្មតាក្នុងធរណីសាស្ត្រ guide des analysis courantes en pedologie (Record no. 8852)
[ view plain ]
| 000 -LEADER | |
|---|---|
| fixed length control field | 00404nam a22001217a 4500 |
| 040 ## - CATALOGING SOURCE | |
| Transcribing agency | HS |
| 082 ## - DEWEY DECIMAL CLASSIFICATION NUMBER | |
| Classification number | 596 |
| 100 ## - MAIN ENTRY--AUTHOR NAME | |
| Personal name | អ៊ឹម ឈួន |
| 245 ## - TITLE STATEMENT | |
| Title | លំនាំនៃការវិភាគដីជាធម្មតាក្នុងធរណីសាស្ត្រ guide des analysis courantes en pedologie |
| 260 ## - PUBLICATION, DISTRIBUTION, ETC. (IMPRINT) | |
| Place of publication | RUA |
| Name of publisher | អ៊ឹម ឈួន |
| Year of publication | 1989 |
| 300 ## - PHYSICAL DESCRIPTION | |
| Number of Pages | 202p; |
| 942 ## - ADDED ENTRY ELEMENTS (KOHA) | |
| Koha item type | សៀវភៅភាសាខ្មែរ |
| 952 ## - LOCATION AND ITEM INFORMATION (KOHA) | |
| Withdrawn status [LOCAL, KOHA] | 0 |
| 952 ## - LOCATION AND ITEM INFORMATION (KOHA) | |
| Withdrawn status [LOCAL, KOHA] | 0 |
| Permanent Location | Date acquired | Koha item type | Lost status | Shelving location | Barcode | Current Location | Full call number |
|---|---|---|---|---|---|---|---|
| Library Block C | 2016-10-10 | សៀវភៅភាសាខ្មែរ | C169 | RUA045357 | Library Block C | 596 អ៊ឹម 1989 C169 | |
| Library Block C | 2016-10-10 | សៀវភៅភាសាខ្មែរ | C169 | A00661 | Library Block C | 596 អ៊ឹម 1989 C169 |